书目信息 |
| 题名: |
专用集成电路
|
|
| 作者: | 史密斯 , Smith 著 ;虞惠华 译 | |
| 分册: | ||
| 出版信息: | 北京 电子工业出版社 2004.01 |
|
| 页数: | 751页 | |
| 开本: | 26cm | |
| 丛书名: | 国外电子与通信教材系列 | |
| 单 册: | ||
| 中图分类: | TN492 | |
| 科图分类: | ||
| 主题词: | 集成电路--教材 | |
| 电子资源: | ||
| ISBN: | 7-5053-9574-2 | |
| 000 | 01064nam0 2200301 45 | |
| 001 | 012004000000 | |
| 005 | 20050105160032.44 | |
| 010 | @a7-5053-9574-2@dCNY 66.00 | |
| 100 | @a20040421d2004 em y0chiy0121 ea | |
| 101 | 1 | @achi@ceng |
| 102 | @aCN@b110000 | |
| 105 | @aak z 000yy | |
| 200 | 1 | @a专用集成电路@Azhuan yong ji cheng dian lu@dApplication-specific integrated circuits@f(美)史密斯(Michael John Sebastian Smith)著@g虞惠华...[等]译@zeng |
| 210 | @a北京@c电子工业出版社@d2004.01 | |
| 215 | @a751页@c图, 表格@d26cm | |
| 225 | 2 | @a国外电子与通信教材系列 |
| 304 | @a本书其他译者: 汤庭鳌, 来金梅, 孙承绶 | |
| 305 | @a本书中文简体字翻译版由培生教育出版亚洲有限公司授权 | |
| 320 | @a本书含附录 | |
| 410 | 0 | @12001 @a国外电子与通信教材系列 |
| 510 | 1 | @aApplication-specific integrated circuits@zeng |
| 606 | 0 | @a集成电路@j教材 |
| 690 | @aTN492@v4 | |
| 701 | 1 | @a史密斯@Ashi mi si@bM. J. S.@4著 |
| 701 | A1 | @aSmith@bMichael John Sebastian@4著 |
| 702 | 0 | @a虞惠华@Ayu hui hua@4译 |
| 801 | 0 | @aCN@bQSSK@c20050105 |
| 905 | @a10447@dTN492@eS580 | |
| 专用集成电路=Application-specific integrated circuits/(美)史密斯(Michael John Sebastian Smith)著/虞惠华...[等]译.-北京:电子工业出版社,2004.01 |
| 751页:图, 表格;26cm.-(国外电子与通信教材系列) |
| ISBN 7-5053-9574-2:CNY 66.00 |
| ● |
| 相关链接 |
|
|
|
正题名:专用集成电路
索取号:TN492/S580
 
预约/预借
| 序号 | 登录号 | 条形码 | 馆藏地/架位号 | 状态 | 备注 |
| 1 | 434342 | 204343424 | 自科库301/301自科库 28排2列4层/ [索取号:TN492/S580] | 在馆 | |
| 2 | 434343 | 204343433 | 自科库301/301自科库 21排1列5层/ [索取号:TN492/S580] | 在馆 | |
| 3 | 435094 | 204350941 | 自科库301/404自科库 7排5列3层/ [索取号:TN492/S580] | 在馆 | |
| 4 | 435095 | 204350950 | 自科库301/404自科库 7排5列3层/ [索取号:TN492/S580] | 在馆 | |
| 5 | 435096 | 204350969 | 自科库301/301自科库 21排1列5层/ [索取号:TN492/S580] | 在馆 |